| 000 | 00449nam a2200157Ia 4500 | ||
|---|---|---|---|
| 008 | 210210b2000 xxu||||| |||| 00| 0 eng d | ||
| 020 | _a81 7371 277 8 | ||
| 082 | _a530.02 NEWP | ||
| 100 | _aNEWBURY (Natan) and others. | ||
| 245 | _aPrinceton problems in physics with solutions. | ||
| 260 |
_aHyderabad _bUniversities Press _c2000 |
||
| 300 | _axvi,319 | ||
| 650 | _aProblems Solutions Physics | ||
| 690 | _aPhysics Problems | ||
| 906 | _aSG03753 | ||
| 999 |
_c114466 _d114466 |
||